logo

Bir Sreshtho Munshi Abdur Rouf Library
Jhenaidah Cadet College

স্বাধীনতার ঘোষক বঙ্গবন্ধু প্রামাণ্য দলিল / (Record no. 655)

MARC details
000 -LEADER
fixed length control field 00799nam a2200241 a 4500
001 - CONTROL NUMBER
JCCL Control Number 655
003 - CONTROL NUMBER IDENTIFIER
JCCL marc code BD-JhCC
005 - DATE AND TIME OF LATEST TRANSACTION
control field 20171012113342.0
008 - FIXED-LENGTH DATA ELEMENTS--GENERAL INFORMATION
fixed length control field 171008s1996 bg |||| |||| 00| 0 ben d
020 ## - INTERNATIONAL STANDARD BOOK NUMBER
International Standard Book Number 984401378x
035 ## - SYSTEM CONTROL NUMBER
system control number (BD-JhCC)655
040 ## - CATALOGING SOURCE
Original cataloging agency BD-JhCC
Modifying agency BD-JhCC
041 ## - LANGUAGE CODE
Language code of Book ben
082 ## - DEWEY DECIMAL CLASSIFICATION NUMBER
Classification number 954.9205
Author mark and Year HAQ 1996
100 ## - MAIN ENTRY--PERSONAL NAME
Personal name হক, মুহাম্মদ শামসুল
245 ## - TITLE STATEMENT
Title স্বাধীনতার ঘোষক বঙ্গবন্ধু প্রামাণ্য দলিল /
Statement of responsibility, etc মুহাম্মদ শামসুল হক
260 ## - PUBLICATION, DISTRIBUTION, ETC. (IMPRINT)
Place of publication, distribution, etc ঢাকাঃ
Name of publisher, distributor, etc আগামী প্রকাশনী,
Date of publication, distribution, etc 1996
300 ## - PHYSICAL DESCRIPTION
Pagination 52 p. :
Dimensions 21 cm.
600 ## - SUBJECT ADDED ENTRY--PERSONAL NAME
Personal name Shek Mujibur Rahaman
650 ## - SUBJECT ADDED ENTRY--TOPICAL TERM
Topical term or geographic name as entry element History of liberation
942 ## - ADDED ENTRY ELEMENTS (KOHA)
Source of classification or shelving scheme Dewey Decimal Classification
Koha item type Books
Holdings
Source of classification or shelving scheme Damaged status Not for loan Home library Current library Shelving location Date of accession Cost, normal purchase price Total Checkouts Full call number Barcode Date last seen Copy number Koha item type
Dewey Decimal Classification     JCC Rouf Library JCC Rouf Library General Stacks 10/08/2017 60.00   954.9205 HAQ 1996 14 10/08/2017 c-1 Books

JCC Library | Contacts | JCC Home

Last Update on 23 September 2017
Copyright @ 2017-2020 JCC Rouf Library
Rouf Library, Jhenidah Cadet College (JCC), Bangladesh